000
00315nam a2200133Ia 4500
100
_a
Urdang/Laurence
650
_a
Economics
942
_c
BK
654
_a
Dictionary
245
_a
The Random House Dictionary of The English Languages
260
_b
Tulsi Shah
_a
Bombay
_c
1969
300
_a
1568
546
_a
ENGLISH
999
_c
23907
_d
23907